An introduction to Medicinal Chemistry (Record no. 4129)
[ view plain ]
| 000 -LEADER | |
|---|---|
| fixed length control field | 00580nam a22002057a 4500 |
| 003 - CONTROL NUMBER IDENTIFIER | |
| control field | OSt |
| 005 - DATE AND TIME OF LATEST TRANSACTION | |
| control field | 20250916020003.0 |
| 008 - FIXED-LENGTH DATA ELEMENTS--GENERAL INFORMATION | |
| fixed length control field | 160523b xxu||||| |||| 00| 0 eng d |
| 020 ## - INTERNATIONAL STANDARD BOOK NUMBER | |
| International Standard Book Number | 9780199697397 |
| 040 ## - CATALOGING SOURCE | |
| Transcribing agency | DNLM |
| 082 ## - DEWEY DECIMAL CLASSIFICATION NUMBER | |
| Classification number | QV766 P725i 2013 |
| 100 ## - MAIN ENTRY--PERSONAL NAME | |
| Personal name | Patrick, Graham L. |
| 9 (RLIN) | 8528 |
| 245 ## - TITLE STATEMENT | |
| Title | An introduction to Medicinal Chemistry |
| 250 ## - EDITION STATEMENT | |
| Edition statement | 5th ed. |
| 260 ## - PUBLICATION, DISTRIBUTION, ETC. (IMPRINT) | |
| Place of publication, distribution, etc. | Oxford University Press, 2013 |
| 300 ## - PHYSICAL DESCRIPTION | |
| Extent | xxiii,789p; col.ill: 27cm |
| 504 ## - BIBLIOGRAPHY, ETC. NOTE | |
| Bibliography, etc | References, appendice, glossary, & index included |
| 650 ## - SUBJECT ADDED ENTRY--TOPICAL TERM | |
| Topical term or geographic name as entry element | Medicine Chemistry |
| 9 (RLIN) | 8899 |
| 942 ## - ADDED ENTRY ELEMENTS (KOHA) | |
| Source of classification or shelving scheme | Other/Generic Classification Scheme |
| Koha item type | Open Shelf |
| Koha issues (borrowed), all copies | 1 |
| Withdrawn status | Lost status | Source of classification or shelving scheme | Damaged status | Not for loan | Home library | Current library | Date acquired | Source of acquisition | Inventory number | Total Checkouts | Full call number | Barcode | Date last seen | Koha item type | Date last checked out | Total Renewals |
|---|---|---|---|---|---|---|---|---|---|---|---|---|---|---|---|---|
| Other/Generic Classification Scheme | MUST Main Library | MUST Main Library | 23/05/2016 | 14/37454 | QV766 P725i 2013 | 2016-2080 | 23/05/2016 | Open Shelf | ||||||||
| Other/Generic Classification Scheme | MUST Main Library | MUST Main Library | 15/06/2016 | 14/37453 | 1 | QV766 P725i 2013 | 2016-2499 | 01/02/2023 | Open Shelf | 19/08/2022 | ||||||
| Other/Generic Classification Scheme | MUST Main Library | MUST Main Library | 17/01/2018 | Purchase | 17/40429 | 5 | QV766 P725i 2013 | 2018-0024 | 28/11/2025 | Open Shelf | 15/09/2025 | 2 |
